Repeat after me: 'Yes I can run your project' (Record no. 73678)

MARC details
000 -LEADER
fixed length control field 01219cam a2200241 4500
001 - CONTROL NUMBER
control field X124130
008 - FIXED-LENGTH DATA ELEMENTS--GENERAL INFORMATION
fixed length control field 031029n2003 000 0 eng u
035 ## - SYSTEM CONTROL NUMBER
System control number (Sirsi) u124130
100 ## - MAIN ENTRY--PERSONAL NAME
Personal name Pearson, A.
245 ## - TITLE STATEMENT
Title Repeat after me: 'Yes I can run your project'
260 ## - PUBLICATION, DISTRIBUTION, ETC.
Date of publication, distribution, etc. 2003
490 ## - SERIES STATEMENT
Series statement Building
Volume/sequential designation 17 October 2003, 44-47(4)
520 ## - SUMMARY, ETC.
Summary, etc. Discusses the results of the RICS Project Management Faculty research into how its members could improve their performance. This is in the context of criticism directed at project managers for not having enough of a focus on design and the broader benefits of procuring a major project. Briefly describes the role of a project manager and the different profiles of other professionals who could take over their role. These include a more design focused architect project manager or an engineer. With details of the various job profiles and how these can be useful for the project.
590 ## - LOCAL NOTE (RLIN)
Local note ABS
650 ## - SUBJECT ADDED ENTRY--TOPICAL TERM
Topical term or geographic name entry element CONSTRUCTION INDUSTRY
650 ## - SUBJECT ADDED ENTRY--TOPICAL TERM
Topical term or geographic name entry element BUILT ENVIRONMENT-QUANTITY SURVEYING
650 ## - SUBJECT ADDED ENTRY--TOPICAL TERM
Topical term or geographic name entry element ARCHITECTS
650 ## - SUBJECT ADDED ENTRY--TOPICAL TERM
Topical term or geographic name entry element PROJECT ANALYSIS
650 ## - SUBJECT ADDED ENTRY--TOPICAL TERM
Topical term or geographic name entry element PROJECT DESIGN
650 ## - SUBJECT ADDED ENTRY--TOPICAL TERM
Topical term or geographic name entry element PROJECT ORGANISATION
690 ## - LOCAL SUBJECT ADDED ENTRY--TOPICAL TERM (OCLC, RLIN)
Topical term or geographic name as entry element Project management
9 (RLIN) 6261
942 ## - ADDED ENTRY ELEMENTS (KOHA)
Suppress in OPAC 0

No items available.